000 01109nam a22003497a 4500
001 0062598
003 KOHA_MİRAKIL
005 20260207004414.0
007 ta
008 220610b2015 tu |||gr||||#0|||0|tur |
020 _a9786053200444
040 _aTR-BiSEU
_btur
_cTR-BiSEU
_erda
041 0 _atur
044 _ctu
050 _aDR491
_b.A93 2015
100 1 _aAyata, Ali.
245 1 _aYeni küresel düzende Türk dış politikasının kimlik arayışı/
_cAli Ayata ; Ali Ayata, Gökberk Yücel..
264 1 _aAnkara :
_bNobel
_c2015
300 _a174 sayfa ;
_c20 cm
336 _ametin
_btxt
_2rdacontent
337 _aaracısız
_bn
_2rdamedia
338 _acilt
_bnc
_2rdacarrier
490 1 _aNobel yayın no ;
_v1141.
490 1 _aYönetim/Siyaset/Uluslararası İlişkiler ;
_v21
500 _aKaynakça var.
650 0 _aTürkiye--Dış ekonomik ilişkiler
_933342
650 0 _aTürkiye--Dış ilişkiler
_96200
830 1 _aNobel yayın no ;
_v1141.
_91940
830 1 _aYönetim/Siyaset/Uluslararası İlişkiler ;
_v21
_9115979
907 _aTarih
942 _2lcc
_cBK
999 _c62394
_d62394